000 00682nam a2200217 i 4500
001 58814
003 ES-MaACL
005 20250725232352.0
007 t|
008 031024s1969 sp ||||1| baq d
245 0 0 _aEspañi'ko olerkariark euskeraz /
_cEtxebarria'tar Juan Anjel.
260 _a[Bilbao] :
_bS. Anton'go Katekesia,
_c1969.
300 _a2 v. ;
_c17 cm.
490 1 _aAgertutako Idaztiak ;
_v34-35
546 _aTexto en español y vasco.
650 7 _aPoesías españolas
_2embne
_916214
700 1 _aEtxebarria, Jon Gotzon (
_d1934-1996)
_948305
830 0 _aAgertutako Idaztiak ;
_v34-35
_9182656
852 _aES-MaACL
_jD-2306-07
999 _c58814
_d58814